000 00250nam a22001217a 4500
008 170926b xxu||||| |||| 00| 0 eng d
041 _aeng
080 _a37
100 _a37
101 _a46
245 _aWORD HISTORY
_cSMITH, C.B
942 _2udc
_cBK
999 _c29796
_d29796